Loading...
| Literature - American | 0 | 8 | 0 | 0 | 80 | 32 | 115.00 | 0 | 2 | 11.20 | 24.16 |
| Literature - European | 0 | 8 | 0 | 0 | 80 | 123 | 138.75 | 0 | 0 | 3.81 | 16.98 |
| Literature - British | 0 | 5 | 0 | 1 | 50 | 70 | 124.40 | 0 | 2 | 5.58 | 15.93 |
| Fine Arts - Painting & Sculpture | 0 | 4 | 0 | 0 | 40 | 95 | 121.00 | 0 | 0 | 2.28 | 11.03 |
| Mythology | 0 | 3 | 0 | 1 | 30 | 114 | 129.00 | 0 | 0 | 2.55 | 11.40 |
| Fine Arts - Other | 0 | 2 | 0 | 0 | 20 | 132 | 144.00 | 0 | 0 | 0.29 | 2.18 |
| Literature - World | 0 | 2 | 0 | 1 | 20 | 151 | 154.00 | 0 | 0 | 0.00 | 1.01 |
| Science - Biology | 0 | 2 | 0 | 1 | 20 | 89 | 112.00 | 0 | 0 | 1.78 | 5.25 |
| Social Science | 0 | 1 | 0 | 0 | 10 | 121 | 121.00 | 0 | 0 | 0.05 | 0.49 |
| Other Academic | 0 | 1 | 0 | 0 | 10 | 87 | 87.00 | 0 | 0 | 4.16 | 8.33 |